Mathe mit Länderflächen - Statistiken

Allgemein
  • Dieses Quiz wurde 62 mal gespielt
    57 seit der letzten Aktualisierung
  • Das Durchschnittsergebnis liegt bei 8 aus 14
Antwortstatistiken
Frage Antwort % Korrekt
Mongolei - Peru = Ecuador
83%
2 × Serbien = 3 × Kroatien
74%
Spanien + Libyen = Algerien
70%
Benelux = Schottland
70%
1.000.000 × Vatikanstadt Schweden
70%
Russland ÷ 2 = Brasilien
61%
Deutschland - Finnland = Fidschi
57%
2 × Libanon = Israel
52%
Peru ÷ 2 = Somalia
52%
100.000 × Monaco = Kirgisistan
48%
Jemen + Oman = 2 × Irak
43%
England + Wales = 2 × Irland
43%
Französisch-Guyana = Guyana ÷ 2
39%
Marokko - Westsahara = Pakistan ÷ 2
26%
Keine übereinstimmenden Quizze gefunden
Verteilung der Resultate
Anzahl Personen mit jedem Resultat
Perzentil nach korrekt beantworteten Fragen
Ihre Resultats-Entwicklung
Sie haben dieses Quiz seit der letzten Aktualisierung nicht gespielt